Detalles MARC
| 000 -LÍDER |
| Campo fijo de descripción fija |
01402nam a2200337 i 4500 |
| 001 - NÚMERO DE CONTROL |
| Campo de control |
768714001 |
| 003 - IDENTIFICADOR DEL NÚMERO DE CONTROL |
| Campo de control |
CO-MdFUSB |
| 005 - FECHA Y HORA DE LA ULTIMA TRANSACCIÓN |
| control field |
20230927103651.0 |
| 007 - CAMPO FIJO DE DESCRIPCIÓN FIJA--INFORMACIÓN GENERAL |
| Campo fijo de descripción fija |
ta |
| 008 - ELEMENTOS DE LONGITUD FIJA -- INFORMACIÓN GENERAL |
| Campo fijo de descripción fija -- Información general |
870928t19881987miu b |||| ||eng|| |
| 020 ## - NÚMERO INTERNACIONAL NORMALIZADO PARA LIBROS |
| Número Internacional Normalizado del libro |
0851117473 |
| 040 ## - FUENTE DE CATALOGACIÓN |
| Agencia de catalogación original |
DLC |
| Idioma de catalogación |
spa |
| Agencia que realiza la transcripción |
CO-MdFUSB |
| Agencia que realiza la modificación |
CO-MdFUSB |
| Convenciones de la descripción |
rda |
| 041 ## - CÓDIGO DE IDIOMA |
| Código de idioma para texto/pista de sonido o título separado |
eng |
| 082 ## - NÚMERO DE CLASIFICACIÓN DECIMAL DEWEY |
| Número de la edición del Dewey |
23 |
| Número de clasificación |
227.107 |
| Clave de autor-Numero de item |
M876e |
| 100 1# - ASIENTO PRINCIPAL--NOMBRE PERSONAL |
| Nombre personal |
Morris, Leon, |
| Término relacionador |
autor |
| 245 04 - TÍTULO |
| Título del Material |
The epistle to the Romans |
| Mención de responsabilidad, etc. |
/ Leon Morris |
| 264 #1 - PRODUCCIÓN, PUBLICACIÓN, DISTRIBUCIÓN, MANUFACTURA, Y COPYRIGHT |
| Lugar de producción, publicación, distribución, manufactura |
Grand Rapids, Michigan : |
| Nombre del productor, publicador, distribuidor |
William B. Eerdmans Pub. Co., |
| Fecha de producción, publicación, distribución, manufactura, o copyright |
1987 |
| 264 #4 - PRODUCCIÓN, PUBLICACIÓN, DISTRIBUCIÓN, MANUFACTURA, Y COPYRIGHT |
| Fecha de producción, publicación, distribución, manufactura, o copyright |
© 1988 |
| 300 ## - DESCRIPCIÓN FÍSICA |
| Extensión |
578 páginas |
| Dimensiones |
; 24 cm |
| 336 ## - TIPO DE CONTENIDO |
| Fuente |
rdacontent. |
| Código de tipo de contenido |
txt |
| Término de tipo de contenido |
texto |
| 337 ## - TIPO DE MEDIO |
| Fuente |
rdamedia. |
| Nombre del tipo de medio |
sin mediación |
| Código del tipo de medio |
n |
| 338 ## - TIPO DE SOPORTE |
| Fuente |
rdacarrier. |
| Nombre del tipo de soporte |
volumen |
| Código Tipo de soporte |
nc |
| 504 ## - NOTA DE BIBLIOGRAFÍA, ETC. |
| Nota de bibliografía, etc |
Incluye índices |
| 505 ## - NOTA DE CONTENIDO |
| Nota de contenido con formato preestablecido |
Introducción -- Autoría -- Destino -- Fecha y lugar de escritura -- Ocasión -- Contenido -- La(s) edición(es) más breve(s) -- El destino del capítulo 16 -- Análisis -- Texto, exposición y notas -- Romanos 1 -- Romanos 2 -- Romanos 3 -- Romanos 4 -- Romanos 5 -- Romanos 6 -- Romanos 7 -- Romanos 8 -- Romanos 9 -- Romanos 10 -- Romanos 11 -- Romanos 12 -- Romanos 13 -- Romanos 14 -- Romanos 15 -- Romanos 16<br/> |
| 563 ## - NOTA DE ENCUADERNACIÓN |
| Nota de encuadernación |
Tapa dura |
| 630 07 - TITULO UNIFORME |
| Título uniforme |
Biblia. |
| Nombre de parte o sección de la obra |
Nuevo Testamento |
| Subdivisión de materia general |
Crítica, interpretación, etc. |
| 630 07 - TITULO UNIFORME |
| Título uniforme |
Biblia. |
| Nombre de parte o sección de la obra |
Romanos |
| Subdivisión de materia general |
Crítica, interpretación, etc. |
| 942 ## - TIPO DE MATERIAL (KOHA) |
| Tipo de Item KOHA |
Libros General |
| 945 ## - INFORMACIÓN LOCAL DEL REGISTRO |
| Catalogador |
Mag1104 |